000 00294 a2200109 4500
001 38244
082 _a523.1
_bHAW 1989
100 _aHawking, Stephen W.
_9118308
245 _aA brief history of time
_cStephen W. Hawking
260 _aLondon
_bInt Bestseller
_c1989
942 _aNUST-CAE
_cBK
_cBK
_2ddc
999 _c603283
_d603283